Risk management of software engineering

Salvato in:
Dettagli Bibliografici
Autore principale: Repčák, Vladimír
Natura: Capitolo di libro
Lingua:inglese
Soggetti:
Tags: Aggiungi Tag
Nessun Tag, puoi essere il primo ad aggiungerne!!

MARC

LEADER 00000naa$a2200000$$$4500
001 0015087
005 20221207104917.6
041 0 |a eng 
044 |a SK 
245 1 0 |a Risk management of software engineering  |c aut. Vladimír Repčák 
610 2 0 |a risk management 
610 2 0 |a inžinierstvo softvérové 
610 2 0 |a efektívnosť 
610 2 0 |a komunikácia 
610 2 0 |a práca tímová 
100 1 |a Repčák, Vladimír